000
00287nam a22000977a 4500
008
231208b |||||||| |||| 00| 0 eng d
020
_a
9789355559654
100
_a
MTG
_9
7733
245
_a
CBSE BOARD EXAM 2023-2024 SAMPLE QUESTION PAPERS-MATHEMATICS-CLASS-12
260
_a
New Delhi
_b
MTG
_c
2023
999
_c
12497
_d
12497